| 000 | 00669nam a22002055i 4500 | ||
|---|---|---|---|
| 001 | 173516 | ||
| 003 | ES-MaACL | ||
| 005 | 20250822032659.0 | ||
| 008 | 091203s1972 xxu |||| | eng d | ||
| 020 | _a0-8185-0032-8 | ||
| 080 | _a159.9 | ||
| 100 | 1 |
_aBuhler, Charlotte Malachowski. _9141722 |
|
| 245 | 1 | 0 |
_aIntroduction to humanistic psychology / _cCharlotte Bu¨hler and Melanie Allen. |
| 260 |
_aMonterrey : _bBrooks/Cole Pub. C., _c[1972] |
||
| 300 |
_aVIII, 120 p ; _c23 cm. |
||
| 650 | 1 | 7 |
_aPsicología humanística _2embne _916567 |
| 700 | 1 |
_aAllen, Melanie. _9141723 |
|
| 852 |
_aES-MaACL _jE-13210 _z.- Donativo doctor Calles |
||
| 999 |
_c173516 _d173516 |
||